Photoguide to cameras (Record no. 33080)

MARC details
000 -LEADER
fixed length control field 00262nam a2200109Ia 4500
082 ## - DEWEY DECIMAL CLASSIFICATION NUMBER
Classification number 771.3
Item number REY;1
100 ## - MAIN ENTRY--AUTHOR NAME
Personal name Reynolds, Clyde
245 #0 - TITLE STATEMENT
Title Photoguide to cameras
260 ## - PUBLICATION, DISTRIBUTION, ETC. (IMPRINT)
Place of publication London
Name of publisher Focal
Year of publication 1976
942 ## - ADDED ENTRY ELEMENTS (KOHA)
Koha item type Books
Holdings
Withdrawn status Lost status Damaged status Not for loan Home library Current library Date acquired Cost, normal purchase price Full call number Accession Number Koha item type
        RRII Library RRII Library 16/12/2021 32.00 771.3 REY;1 13581 Books